00478nam a2200169 i 4500001001100000003000500011005001700016008004100033040002500074082001700099245004300116264007000159300001000229336002100239337002500260338002300285C2-0219708PPAK20180728112104.0990908s1988 my |||| ||||| | may d aPPAKbengcPPAKerda04a899.2332 2300aSastera (Keratan Akhbar Koleksi Kedah) 1aAlor Setar, Kedah : bPerbadanan Perpustakaan Awam Kedah , c1988 c33 cm 2rdacontentatext 2rdamediaaunmediated 2rdacarrieravolume